Learn more about property : a plain english guide for australian investors in all classes of real estate

Bibliographic Details
Main Author: Renton, N.E
Format: Book
Language:English
Published: Australia : Wrightbooks , 2002
Subjects:

MARC

LEADER 00000cam a2200000 7i4500
001 0000021031
005 20090107.0
008 081204s at i eng
020 |a 0701637307 
040 |a INS 
090 0 0 |a HD1394.5.A97   |b R46 2002 
100 1 |a Renton, N.E 
245 1 0 |a Learn more about property :   |b a plain english guide for australian investors in all classes of real estate   |c N.E.Renton 
260 |a Australia :   |b Wrightbooks ,   |c 2002 
300 |a xvi, 175p ;   |c 21cm. 
650 0 0 |a Real estate investment   |z Australia 
650 0 0 |a Real property and taxation   |z Australia 
650 0 0 |a Real property   |z Australia 
999 |a 0000020374   |b BOOK   |c Open Shelf   |e Default branch